| 000 | 02102nam0a2200373 4500 | ||
|---|---|---|---|
| 001 | RU\NLR\BIBL_A\011368617 | ||
| 005 | 20260406071843.0 | ||
| 010 |
_a9785703841518 _91100 |
||
| 021 |
_aRU _b2017-19123 _91407 |
||
| 035 | _a(RuMoRGB)008827212 | ||
| 035 | _a(NLR Aleph) 011368617 | ||
| 090 |
_a11337941 _c11337941 |
||
| 100 | _a20170417d2017 u y0rusy50 ca | ||
| 101 | 0 | _arus | |
| 102 | _aRU | ||
| 105 | _aa|||jzzz001zy | ||
| 200 | 1 |
_aТеория механизмов и механика машин _eучебник для студентов высших учебных заведений, обучающихся по машиностроительным направлениям и специальностям _f[Г. А. Тимофеев, А. К. Мусатов, С. А. Попов, К. В. Фролов] _gпод редакцией Г. А. Тимофеева |
|
| 205 | _a8-е изд., перераб. и доп. | ||
| 210 |
_aМосква _cИзд-во МГТУ _d2017 |
||
| 215 |
_a566 с. _cил. _d25 |
||
| 225 | 1 | _aTerra mechanica | |
| 300 | _aАвт. указаны на обороте тит. л. | ||
| 320 | _aБиблиогр.: с. 556 (21 назв.) | ||
| 320 | _aПредм. указ.: с. 557-561 | ||
| 606 |
_aМашин и механизмов теория _jУчебники для высших учебных заведений _92086099 _3RU\NLR\AUTH\661262226 |
||
| 686 | 1 | _aК412я73-1 | |
| 701 | 1 |
_7ca _8rus _aТимофеев _bГ. А. _cд-р техн. наук _f1944- _gГеннадий Алексеевич _9116033 _3RU\NLR\AUTH\776078 |
|
| 701 | 1 |
_aМусатов _bА. К. _gАлександр Константинович |
|
| 701 | 1 |
_7ca _8rus _aПопов _bС. А. _cканд. техн. наук, абразивная обработка _f1922- _gСергей Александрович _9116035 _3RU\NLR\AUTH\776080 |
|
| 701 | 1 |
_7ca _8rus _aФролов _bК. В. _cд-р техн. наук _f1932-2007 _gКонстантин Васильевич _912091 _3RU\NLR\AUTH\7729062 |
|
| 942 | _cBOOK | ||
| 980 | _aNBR | ||